Oscar for Best Costume Design - Statistics

General Stats
  • This quiz has been taken 117 times
  • The average score is 23 of 86
Answer Stats
Year Colour/Black-and-White Costume Designer Answer % Correct
Colour Elizabeth Haffenden Ben-Hur
79%
1997 Colour Deborah Lynn Scott Titanic
75%
2003 Colour Ngila Dickson and Richard Taylor The Lord of the Rings: The Return of the King
68%
Colour Cecil Beaton My Fair Lady
61%
1998 Colour Sandy Powell Shakespeare in Love
61%
2011 Black-and-White Mark Bridges The Artist
61%
2000 Colour Janty Yates Gladiator
57%
2002 Colour Colleen Atwood Chicago
54%
1996 Colour Ann Roth The English Patient
54%
Colour Irene Sharaff West Side Story
54%
1984 Colour Theodor Pistek Amadeus
50%
1975 Colour Milena Canonero and Ulla-Britt Soderlund Barry Lyndon
50%
1982 Colour Bhanu Athaiya and John Mollo Gandhi
50%
1977 Colour John Mollo Star Wars
46%
1987 Colour James Acheson The Last Emperor
46%
1950 Black-and-White Edith Head and Charles LeMaire All About Eve
43%
1958 Black-and-White Cecil Beaton Gigi
43%
2015 Colour Jenny Beavan Mad Max: Fury Road
39%
2001 Colour Catherine Martin and Angus Strathie Moulin Rouge!
39%
Colour Marcel Vertès Moulin Rouge
39%
2013 Colour Catherine Martin The Great Gatsby
39%
1974 Colour Theoni V. Aldredge The Great Gatsby
39%
Colour Renie Conley, Vittorio Nino Novarese, and Irene Sharaff Cleopatra
36%
Colour Phyllis Dalton Doctor Zhivago
36%
2007 Colour Alexandra Byrne Elizabeth: The Golden Age
36%
Colour Elizabeth Haffenden and Joan Bridge A Man for All Seasons
32%
Colour Orry-Kelly, Walter Plunkett, and Irene Sharaff An American in Paris
32%
1981 Colour Milena Canonero Chariots of Fire
32%
2004 Colour Sandy Powell The Aviator
32%
2006 Colour Milena Canonero Marie Antoinette
29%
2012 Colour Jacqueline Durran Anna Karenina
25%
1948 Black-and-White Roger K. Furse Hamlet
25%
1968 Colour Danilo Donati Romeo and Juliet
25%
2014 Colour Milena Canonero The Grand Budapest Hotel
25%
Colour Irene Sharaff The King and I
25%
2010 Colour Colleen Atwood Alice in Wonderland
21%
1979 Colour Albert Wolsky All That Jazz
21%
1992 Colour Eiko Ishioka Bram Stoker's Dracula
21%
1988 Colour James Acheson Dangerous Liaisons
21%
1983 Colour Marik Vos Fanny and Alexander
21%
2016 Colour Colleen Atwood Fantastic Beasts and Where to Find Them
21%
2005 Colour Colleen Atwood Memoirs of a Geisha
21%
1953 Black-and-White Edith Head Roman Holiday
21%
Colour Arlington Valles and Bill Thomas Spartacus
21%
2009 Colour Sandy Powell The Young Victoria
21%
1999 Colour Lindy Hemming Topsy-Turvy
21%
1986 Colour Jenny Beavan and John Bright A Room with a View
18%
1989 Colour Phyllis Dalton Henry V
18%
1971 Colour Yvonne Blake and Antonio Castillo Nicholas and Alexandra
18%
1954 Black-and-White Edith Head Sabrina
18%
1980 Colour Anthony Powell Tess
18%
1993 Colour Gabriella Pescucci The Age of Innocence
18%
1973 Colour Edith Head The Sting
18%
1963 Black-and-White Piero Gherardi 8 1/2
14%
1969 Colour Margaret Furse Anne of the Thousand Days
14%
1951 Black-and-White Edith Head A Place in the Sun
14%
1991 Colour Albert Wolsky Bugsy
14%
1967 Colour John Truscott Camelot
14%
1965 Black-and-White Julie Harris Darling
14%
Colour Sanzo Wada Gate of Hell
14%
Colour Dorothy Jeakins and Barbara Karinska Joan of Arc
14%
1985 Colour Emi Wada Ran
14%
Colour Edith Head, Charles LeMaire, Dorothy Jeakins, Elois Jenssen, Gile Steele, and Gwen Wakeling Samson and Delilah
14%
1959 Black-and-White Orry-Kelly Some Like It Hot
14%
1994 Colour Tim Chappel and Lizzy Gardiner The Adventures of Priscilla, Queen of the Desert
14%
2008 Colour Michael O'Connor The Duchess
14%
1970 Colour Vittorio Nino Novarese Cromwell
11%
1961 Black-and-White Piero Gherardi La Dolce Vita
11%
1957 Colour Orry-Kelly Les Girls
11%
1995 Colour James Acheson Restoration
11%
1952 Black-and-White Helen Rose The Bad and the Beautiful
11%
1960 Black-and-White Edith Head and Edward Stevenson The Facts of Life
11%
1964 Black-and-White Dorothy Jeakins The Night of the Iguana
11%
Colour Charles LeMaire and Emile Santiago The Robe
11%
1966 Black-and-White Irene Sharaff Who's Afraid of Virginia Woolf?
11%
Colour Marjorie Best, Leah Rhodes, and William Travilla Adventures of Don Juan
7%
1990 Colour Franca Squarciapino Cyrano de Bergerac
7%
1978 Colour Anthony Powell Death on the Nile
7%
1976 Colour Danilo Donati Fellini's Cassanova
7%
1955 Black-and-White Helen Rose I'll Cry Tomorrow
7%
Colour Charles LeMaire Love Is a Many-Splendored Thing
7%
1949 Black-and-White Edith Head and Gile Steele The Heiress
7%
1956 Black-and-White Jean Louis The Solid Gold Cadillac
7%
Colour Mary Wills The Wonderful World of the Brothers Grimm
7%
1972 Colour Anthony Powell Travels with My Aunt
7%
1962 Black-and-White Norma Koch What Ever Happened to Baby Jane?
7%
No matching quizzes found
Score Distribution
Percent of People with Each Score
Percentile by Number Answered
Your Score History
You have not taken this quiz